000 00821nam a2200241 a 4500
999 _c539
_d539
001 539
003 BD-JhCC
005 20171011194236.0
008 171007s1968 bg |||| ||a| 000 0 ben d
035 _a(BD-JhCC)539
040 _aBD-JhCC
_dBD-JhCC
041 _aben
082 _222
_a550
_bFRA 1968
100 _aএম. ব্র্যানলী, ফ্রাঙ্কলীন
245 _aপৃথিবী একটি গ্রহের নাম /
_cফ্রাঙ্কলীন এম. ব্র্যানলী; ড. এম কবীর (অনু.)
260 _aঢাকা :
_bখোরশেদ কিতাব মহল,
_c1968.
300 _a98 p. :
_c21 cm.
650 _aEasth (Plant)
651 _aBangladesh
700 _aকবীর, ড. এম
942 _2ddc
_cBK